| 000 | 01060nam a22003497a 4500 | ||
|---|---|---|---|
| 001 | BR7304465 | ||
| 003 | BR-BrBNA | ||
| 005 | 20230928084032.0 | ||
| 007 | ta | ||
| 008 | 230509b bl.||||| |||| 00| 0 por d | ||
| 040 |
_aBR-BrBNA _bpor _cBiblioteca Nacional de Agricultura |
||
| 041 | _a(Por) | ||
| 072 |
_aQ20; S10 _b9343 _b0220 _b0230 |
||
| 090 | _ 9343 BR7304465 | ||
| 100 | 1 | _aOlbrich, H. | |
| 110 | 1 |
_aInstituto do Acucar e do Alcool, Rio de Janeiro, GB (Brasil) _96295 |
|
| 245 | 1 | _aO melaco, sua importancia e emprego com especial referencia a fermentacao e a fabricacao de levedura | |
| 250 | 1 | _a3 ed. | |
| 260 | 3 |
_aRio de Janeiro, GB (Brasil): _c1960. |
|
| 300 | _a153 p. | ||
| 500 | _a103 tables; 7 graphs; Bibliography p. 143-150 (178 ref.) | ||
| 650 | _aACUCAR | ||
| 650 | _aBETERRABA ACUCAREIRA | ||
| 650 | _aCANA DE ACUCAR | ||
| 650 | _aMELACO | ||
| 650 | _aFERMENTACAO INDUSTRIAL | ||
| 650 | _aLEVEDO | ||
| 650 | _aCOMPOSICAO QUIMICA | ||
| 650 | _aANALISE QUIMICA | ||
| 909 |
_a202309 _bLucia _c55 _dLucia Elande |
||
| 942 | _cBK | ||
| 999 |
_c16457 _d16457 |
||